000
00257nam a2200109Ia 4500
100
_a
Narang
942
_c
BK
245
_a
WORKSHOP CALCULATION & SCIENCE SOLVED PAPERS FOR DRAUGHTSMAN.
260
_b
New Heights
_a
New Delhi
546
_a
ENGLISH
999
_c
22009
_d
22009